La praxis política del absolutismo en el testamento político de Richelieu / (Record no. 145325)

MARC details
000 -LEADER
campo de control de longitud fija 00817nam a2200205 i 4500
001 - NÚMERO DE CONTROL
campo de control 145325
003 - IDENTIFICADOR DE NÚMERO DE CONTROL
campo de control ES-MaACL
005 - FECHA Y HORA DE LA ÚLTIMA TRANSACCIÓN
campo de control 20250808070308.0
007 - CAMPO FIJO DE DESCRIPCIÓN FÍSICA--INFORMACIÓN GENERAL
campo de control de longitud fija t|
008 - DATOS DE LONGITUD FIJA--INFORMACIÓN GENERAL
campo de control de longitud fija 070214s1979 sp r ||||1| spa d
100 1# - ENTRADA PRINCIPAL--NOMBRE DE PERSONA
Nombre de persona Soriano, Graciela.
9 (RLIN) 107378
245 13 - MENCIÓN DEL TÍTULO
Título La praxis política del absolutismo en el testamento político de Richelieu /
Mención de responsabilidad, etc. Graciela Soriano de García-Pelayo ; prólogo de Luis Díez del Corral.
260 ## - PUBLICACIÓN, DISTRIBUCIÓN, ETC.
Lugar de publicación, distribución, etc. Madrid :
Nombre del editor, distribuidor, etc. Centro de Estudios Constitucionales,
Fecha de publicación, distribución, etc. 1979 (
Fabricante Héroes)
300 ## - DESCRIPCIÓN FÍSICA
Extensión 374 p. ;
Dimensiones 22 cm +
Material acompañante/anejo 2 gráf. pleg.
600 14 - PUNTO DE ACCESO ADICIONAL DE MATERIA--NOMBRE DE PERSONA
Nombre de persona Richelieu, Armand Jean du Plessis,
Títulos y otros términos asociados al nombre duc de,
Fechas asociadas al nombre 1585-1642
9 (RLIN) 96947
700 1# - ENTRADA AGREGADA--NOMBRE PERSONAL
Nombre de persona Díez del Corral, Luis.
9 (RLIN) 44718
710 2# - ENTRADA AGREGADA--NOMBRE DE ENTIDAD CORPORATIVA
Nombre de entidad corporativa o nombre de jurisdicción como elemento de entrada Centro de Estudios Constitucionales (España)
9 (RLIN) 2618
852 ## - LOCALIZACIÓN
Ubicación ES-MaACL
Número de control de estantería C-20919
Sublocalización o colección R.100218
Holdings
Estatus retirado Estado de pérdida Estado de daño No para préstamo Biblioteca de origen Biblioteca actual Ubicación en estantería Fecha de adquisición Fuente de adquisición Total de préstamos Signatura topográfica completa Código de barras Visto por última vez Precio de reemplazo Tipo de ítem Koha
        Biblioteca del Ateneo de Madrid Biblioteca del Ateneo de Madrid Galería 17/01/2008     C-20919 1151696 23/02/2023 23/02/2023 Libro impreso